000
00284nam a2200109Ia 4500
001
588962
005
20250717120840.0
008
250717s9999 xx 000 0 und d
245
0
_a
Y-10 BİZ SAVAŞ ÇOCUKLARIYDIK
_c
SEVİNÇ KUŞOĞLU
260
_b
ERDEM YAYINLARI
_c
2017
300
_b
109
999
_c
588962
_d
588962